COMPREHENSIVE STEREOCHEMISTRY (Record no. 50730)

000 -LEADER
fixed length control field 00337nam a2200145Ia 4500
008 - FIXED-LENGTH DATA ELEMENTS--GENERAL INFORMATION
fixed length control field 260311s9999 xx 000 0 und d
020 ## - INTERNATIONAL STANDARD BOOK NUMBER
International Standard Book Number 9789386479471
082 ## - DEWEY DECIMAL CLASSIFICATION NUMBER
Classification number 615.5
100 ## - MAIN ENTRY--PERSONAL NAME
Personal name RATNANI SONIA
245 #0 - TITLE STATEMENT
Title COMPREHENSIVE STEREOCHEMISTRY
250 ## - EDITION STATEMENT
Edition statement FIRST
260 ## - PUBLICATION, DISTRIBUTION, ETC.
Place of publication, distribution, etc. DJ BOOKS
Name of publisher, distributor, etc. MEDTECH
Date of publication, distribution, etc. 2026
300 ## - PHYSICAL DESCRIPTION
Extent 232
942 ## - ADDED ENTRY ELEMENTS (KOHA)
Koha item type Book
Holdings
Withdrawn status Lost status Damaged status Not for loan Collection code Permanent Location Current Location Date acquired Cost, normal purchase price Full call number Barcode Date last seen Price effective from Koha item type
        School of Pharmacy Lucknow Maharishi School of Pharmaceutical Science (Lucknow) Maharishi School of Pharmaceutical Science (Lucknow) 2026-03-11 595.00 615.5 SOPH4892 2026-03-11 2026-03-11 Book
        School of Pharmacy Lucknow Maharishi School of Pharmaceutical Science (Lucknow) Maharishi School of Pharmaceutical Science (Lucknow) 2026-03-11 595.00 615.5 SOPH4893 2026-03-11 2026-03-11 Book
        School of Pharmacy Lucknow Maharishi School of Pharmaceutical Science (Lucknow) Maharishi School of Pharmaceutical Science (Lucknow) 2026-03-11 595.00 615.5 SOPH4894 2026-03-11 2026-03-11 Book
        School of Pharmacy Lucknow Maharishi School of Pharmaceutical Science (Lucknow) Maharishi School of Pharmaceutical Science (Lucknow) 2026-03-11 595.00 615.5 SOPH4895 2026-03-11 2026-03-11 Book
        School of Pharmacy Lucknow Maharishi School of Pharmaceutical Science (Lucknow) Maharishi School of Pharmaceutical Science (Lucknow) 2026-03-11 595.00 615.5 SOPH4896 2026-03-11 2026-03-11 Book

All Rights Reserved@MUIT

Powered by Koha